| 000 | 00680nam a2200217 u 4500 | ||
|---|---|---|---|
| 005 | 20220519063937.0 | ||
| 008 | 100204s2004 mx r 000 0 spa d | ||
| 020 | _a9789702009955 | ||
| 035 | _aUPN01000174450 | ||
| 049 | _aCG | ||
| 050 | 4 |
_aPQ7298.423 A4.6 _bQ8.3 2007 |
|
| 100 | 1 |
_aMalpica Maury, Antonio, _d1967- _930238 |
|
| 245 | 1 | 0 |
_aQuerido Tigre Quezada / _cToño Malpica ; il. de Edgar Clement. |
| 250 | _a2a ed. | ||
| 260 |
_aMéxico : _bCastillo _bc2007. |
||
| 300 |
_a191 p. : _bil. |
||
| 440 | 0 |
_aCastillo de la lectura. _pNaranja 10 + |
|
| 650 | 0 |
_aLiteratura juvenil mexicana _915848 |
|
| 650 | 4 |
_aFUTBOL (SOCCER) - _vLITERATURA JUVENIL _917144 |
|
| 905 | _aLibro | ||
| 999 |
_c146554 _d146554 |
||